00000000cas 2200000zi 4500
0019.948536
003CaOODSP
00520251211084225
006m     o  d f      
007cr cn ||||||||
008250228c20119999onctr p o    f0###b0fre|d
022 |a2819-1110
040 |aCaOODSP|bfre|erda|cCaOODSP
043 |an-cn---
0861 |aH80-2F-PDF
1101 |aCanada. |bConseil d'examen du prix des médicaments brevetés, |eauteur, |eorganisme de publication.
222 0|aRapport financier trimestriel pour le trimestre qui s'est terminé en ...
24510|aRapport financier trimestriel pour le trimestre qui s'est terminé en ...
2463 |aRapport financier trimestriel pour le trimestre terminé le ...
264 1|aOttawa, Canada : |bConseil d'examen du prix des médicaments brevetés, |c[2011]-
310 |aTrois fois par année
336 |atexte|btxt|2rdacontent/fre
337 |ainformatique|bc|2rdamedia/fre
338 |aressource en ligne|bcr|2rdacarrier/fre
3621 |aParaît depuis : Juin 2011.
500 |aPublié aussi en anglais sous le titre : Quarterly financial report for the quarter ended ...
588 |aDescription d'après : Juin 2011; titre de l'en-tête de la version HTML.
588 |aDernière livraison consultée : 30 septembre 2024.
61016|aCanada. |bConseil d'examen du prix des médicaments brevetés |xCrédits budgétaires et dépenses |vPériodiques.
650 6|aFinances publiques|zCanada|vPériodiques.
655 7|aPériodiques|2rvmgf
77508|tQuarterly financial report for the quarter ended ...|w(CaOODSP)9.948535